Informe de desarrollo humano para Colombia 1999 / (Registro nro. 4974)
[ vista simple ]
| 000 -LEADER | |
|---|---|
| fixed length control field | 01312nam a2200253Ia 4500 |
| 003 - CONTROL NUMBER IDENTIFIER | |
| control field | OSt |
| 005 - DATE AND TIME OF LATEST TRANSACTION | |
| control field | 20200416143214.0 |
| 008 - FIXED-LENGTH DATA ELEMENTS--GENERAL INFORMATION | |
| fixed length control field | 191128s2000 ck b gr 000 0dspa d |
| 020 ## - INTERNATIONAL STANDARD BOOK NUMBER | |
| International Standard Book Number | 9586018903 |
| 040 ## - CATALOGING SOURCE | |
| Original cataloging agency | CO-JMCR |
| Transcribing agency | CO-JMCR |
| 041 0# - LANGUAGE CODE | |
| Language code of text/sound track or separate title | spa |
| 082 04 - DEWEY DECIMAL CLASSIFICATION NUMBER | |
| Classification number | 303.44 / |
| Item number | D419i |
| 110 2# - MAIN ENTRY--CORPORATE NAME | |
| Corporate name or jurisdiction name as entry element | Departamento Nacional de Planeación |
| 9 (RLIN) | 1612 |
| 245 20 - TITLE STATEMENT | |
| Title | Informe de desarrollo humano para Colombia 1999 / |
| Statement of responsibility, etc. | Departamento Nacional de Planeación |
| 260 ## - PUBLICATION, DISTRIBUTION, ETC. | |
| Place of publication, distribution, etc. | Bogotá : |
| Name of publisher, distributor, etc. | Tercer mundo, Departamento Nacional de Planeación, |
| Date of publication, distribution, etc. | 2000 |
| 300 ## - PHYSICAL DESCRIPTION | |
| Extent | x, 193 páginas : |
| Other physical details | mapas ; |
| Dimensions | 28 cm. |
| 504 ## - BIBLIOGRAPHY, ETC. NOTE | |
| Bibliography, etc. note | Bibliografía: páginas 163-168 |
| 505 ## - FORMATTED CONTENTS NOTE | |
| Formatted contents note | índice de desarrollo humano para Colombia -- La violencia en Colombia -- Instituciones y coyuntura económica -- Acumulación y mejor distribución de capital humano -- La educación: logros y desigualdades --Los avances y los problemas de la salud |
| 520 ## - SUMMARY, ETC. | |
| Summary, etc. | Desde 1990, el Programa de las Naciones Unidas para el Desarrollo (PNUD) ha venido impulsando el paradigma del desarrollo humano sostenible, situando al individuo en el centro de los programas de desarrollo. |
| 650 14 - SUBJECT ADDED ENTRY--TOPICAL TERM | |
| Topical term or geographic name entry element | Desarrollo comunitario |
| Chronological subdivision | 1998 |
| Geographic subdivision | Colombia |
| 9 (RLIN) | 3135 |
| 650 24 - SUBJECT ADDED ENTRY--TOPICAL TERM | |
| Topical term or geographic name entry element | Necesidades básicas |
| Chronological subdivision | 1998 |
| Geographic subdivision | Colombia |
| 9 (RLIN) | 3136 |
| 650 24 - SUBJECT ADDED ENTRY--TOPICAL TERM | |
| Topical term or geographic name entry element | Desarrollo humano |
| Chronological subdivision | 1998 |
| Geographic subdivision | Colombia |
| 9 (RLIN) | 3137 |
| 942 ## - ADDED ENTRY ELEMENTS (KOHA) | |
| Source of classification or shelving scheme | Dewey Decimal Classification |
| Koha item type | Books |
| Withdrawn status | Lost status | Source of classification or shelving scheme | Materials specified (bound volume or other part) | Damaged status | Not for loan | Home library | Current library | Shelving location | Date acquired | Source of acquisition | Cost, normal purchase price | Total Checkouts | Full call number | Barcode | Date last seen | Copy number | Price effective from | Koha item type |
|---|---|---|---|---|---|---|---|---|---|---|---|---|---|---|---|---|---|---|
| Dewey Decimal Classification | Donación--15/04/2018-- | Biblioteca Pública José María del Castillo y Rada | Biblioteca Pública José María del Castillo y Rada | General Stacks | 11/28/2019 | Donación | 0.00 | 303.44 / D419i | 430001087 | 05/16/2024 | Ej.1 | 11/28/2019 | Books |